<?xml version="1.0" encoding="UTF-8"?>
<record
    xmlns:xsi="http://www.w3.org/2001/XMLSchema-instance"
    xsi:schemaLocation="http://www.loc.gov/MARC21/slim http://www.loc.gov/standards/marcxml/schema/MARC21slim.xsd"
    xmlns="http://www.loc.gov/MARC21/slim">

  <leader>01225na  a2200289   4500</leader>
  <controlfield tag="001">22508</controlfield>
  <controlfield tag="003">MIRAKIL</controlfield>
  <controlfield tag="005">20181226092843.0</controlfield>
  <controlfield tag="008">170215b        tu  n0        0    0     </controlfield>
  <datafield tag="035" ind1=" " ind2=" ">
    <subfield code="a">20919</subfield>
  </datafield>
  <datafield tag="040" ind1=" " ind2=" ">
    <subfield code="a">Milas</subfield>
    <subfield code="b">tur</subfield>
    <subfield code="c">TR-AnCHP</subfield>
  </datafield>
  <datafield tag="041" ind1=" " ind2=" ">
    <subfield code="a">tur</subfield>
  </datafield>
  <datafield tag="082" ind1=" " ind2=" ">
    <subfield code="a">CHP 050</subfield>
    <subfield code="b">TAR 1994-</subfield>
  </datafield>
  <datafield tag="090" ind1=" " ind2=" ">
    <subfield code="a">050 DER 171</subfield>
  </datafield>
  <datafield tag="110" ind1=" " ind2=" ">
    <subfield code="a">	T&#xFC;rkiye Ekonomik ve Toplumsal Tarih Vakf&#x131; Giri&#x15F;im Kurulu</subfield>
  </datafield>
  <datafield tag="245" ind1=" " ind2=" ">
    <subfield code="a">Tarih Vakf&#x131;n'dan haberler</subfield>
    <subfield code="c">T&#xFC;rkiye Ekonomik ve Toplumsal Tarih Vakf&#x131; Giri&#x15F;im Kurulu&#x15F;</subfield>
  </datafield>
  <datafield tag="260" ind1=" " ind2=" ">
    <subfield code="a">&#x130;stanbul</subfield>
    <subfield code="b">Vak&#x131;f</subfield>
    <subfield code="c">1991-1993</subfield>
  </datafield>
  <datafield tag="300" ind1=" " ind2=" ">
    <subfield code="a">c.</subfield>
    <subfield code="b">res.</subfield>
    <subfield code="c">45 sm.</subfield>
  </datafield>
  <datafield tag="310" ind1=" " ind2=" ">
    <subfield code="a">Ayl&#x131;k</subfield>
  </datafield>
  <datafield tag="362" ind1=" " ind2=" ">
    <subfield code="a">say&#x131; 3 (Temmuz-A&#x11F;ustos 1991) - say&#x131; 28 (Kas&#x131;m 1993)</subfield>
  </datafield>
  <datafield tag="500" ind1=" " ind2=" ">
    <subfield code="a">mevcut say&#x131;lar (3) Temmuz-A&#x11F;ustos 1991; (5)Ekim 1991;  (8)Ocak 1992; (12)May&#x131;s 1992; (13)Haziran 1992; (15) Eyl&#xFC;l 1992; (17)Kas&#x131;m 1992; (18)Aral&#x131;k 1992; (20)&#x15E;ubat 1993; (21)Mart 1993; (23)May&#x131;s 1993; (24)Haziran 1993; (25) Temmuz- A&#x11F;ustos 1993; (26)Eyl&#xFC;l 1993; (27)Ekim 1993; (28)Kas&#x131;m 1993; (29)Aral&#x131;k 1993</subfield>
  </datafield>
  <datafield tag="610" ind1=" " ind2=" ">
    <subfield code="a">T&#xFC;rkiye Ekonomik ve Toplumsal Tarih Vakf&#x131;</subfield>
    <subfield code="v">S&#xFC;reli yay&#x131;nlar</subfield>
    <subfield code="z">T&#xFC;rkiye</subfield>
  </datafield>
  <datafield tag="651" ind1=" " ind2=" ">
    <subfield code="a">T&#xFC;rkiye</subfield>
    <subfield code="v">S&#xFC;reli yay&#x131;nlar</subfield>
    <subfield code="x">Tarih</subfield>
  </datafield>
  <datafield tag="655" ind1=" " ind2=" ">
    <subfield code="a">B&#xFC;lten</subfield>
  </datafield>
  <datafield tag="910" ind1=" " ind2=" ">
    <subfield code="a">DERG&#x130; 171</subfield>
  </datafield>
  <datafield tag="942" ind1=" " ind2=" ">
    <subfield code="2">ddc</subfield>
    <subfield code="c">SER</subfield>
  </datafield>
  <datafield tag="952" ind1=" " ind2=" ">
    <subfield code="5">1</subfield>
    <subfield code="a">0001</subfield>
    <subfield code="b">0001</subfield>
    <subfield code="d">2017-02-15</subfield>
    <subfield code="f"> S&#xDC;REL&#x130; YAYINLAR</subfield>
    <subfield code="l">0</subfield>
    <subfield code="o">050 DER 80</subfield>
    <subfield code="p">D171</subfield>
    <subfield code="r">2017-02-15 00:00:00</subfield>
    <subfield code="v">0.00</subfield>
    <subfield code="w">2017-02-15</subfield>
    <subfield code="x"> </subfield>
    <subfield code="y">SER</subfield>
  </datafield>
  <datafield tag="999" ind1=" " ind2=" ">
    <subfield code="c">11382</subfield>
    <subfield code="d">11382</subfield>
  </datafield>
</record>
